Twice English Lyrics Quiz - Statistics

General Stats
  • This quiz has been taken 148 times
  • The average score is 17 of 44
Answer Stats
Hint Answer % Correct
I wanna know, know, know, know What is Love?
89%
Mojito with lime Sweet mimosa pina colada Alcohol-Free
82%
This is an emergency Help me Help me somebody stop me I Can't stop Me
70%
Be a man, a real man Gotta see you love me like a real man CHEER UP
68%
Yeah, you really make me a mad girl, mad girl, oh, oh CRY FOR ME
67%
I got you on my radar, soon you're gonna be with me Strategy
67%
Tell me what you want, tell me what you need Talk that Talk
66%
Look, I'm gonna make this simple for you YES or YES
65%
You got a crush on me You're gonna fall for me SCIENTIST
63%
Like a bulldozer, Like tank, Like a soldier BDZ
61%
Trying to let you know SIGNAL
59%
I know love, it is such a funny thing The Feels
58%
You and me in the moonlight, ah Dance the Night Away
57%
I'm gonna tell you straight No matter what they say SET ME FREE
57%
If I lose my rhythm, then your beat goes on and on ONE SPARK
55%
Uh, you make me everything alright Feel Special
49%
Come and be my love Come and be my love baby Heart Shaker
49%
Let me see how you gon' treat me I ain't no easy Like OOH-AHH
49%
Thank you, Santa, thank you, thank you, Santa Claus Merry & Happy
49%
Baby, I don't really mean to rush But I'ma really need your touch MOONLIGHT SUNRISE
48%
I'm losing all my senses You're taking me to places JIHYO - Killin' Me Good
47%
No, we'll never fall apart Even million miles apart I GOT YOU
44%
Tell me that you'll be my baby TT
42%
Don't make me hate you more Oh, just want to keep away Perfect World
34%
Hey sweetie sweetie Candy Pop
31%
Say say don't give up Say say don't give up Breakthrough
30%
Baby, baby, you're out of control So you're under my control NAYEON - POP!
29%
After all this time We're still together Celebrate
28%
You are gonna be mine again MORE & MORE
27%
All I want is love, love with you NAYEON - ABCD
26%
So deep, so empty, I need thee So deep, so empty, I need thee Doughnut
25%
We're so hot! We're so fly! We're so hot! We're so fly! MISAMO - NEW LOOK
16%
All I wanna do, all I wanna do The Best Thing I ever Did
16%
Lose control All my heart and soul (magic) Kura Kura
14%
I fear nothing, don't need anything GO HARD
13%
Don't wait up, don't hold up DIVE
10%
Baby, you're my heart beat One More Time
9%
Oh, tell me, I'm the only one, baby Fancy
8%
Come on and dance through the night Hare Hare
8%
There's only one answer It's deep inside my heart Just be me MISAMO - Identity
7%
Are you ready to Fall in love, so true This love I have for you TZUYU - Run Away
7%
Treat me like something so precious MISAMO - Do not touch
6%
I will be your shining light BETTER
5%
Show time make it yours KNOCK KNOCK
3%
No matching quizzes found
Score Distribution
Percent of People with Each Score
Percentile by Number Answered
Your Score History
You have not taken this quiz